Catholic University of Zimbabwe Library
Online Public Access Catalogue
(OPAC)

Vulnerability in a mobile world / (Record no. 29581)

MARC details
000 -LEADER
fixed length control field 03463nam a2200409Ii 4500
001 - CONTROL NUMBER
control field 9781787569133
003 - CONTROL NUMBER IDENTIFIER
control field UtOrBLW
005 - DATE AND TIME OF LATEST TRANSACTION
control field 20210303084805.0
006 - FIXED-LENGTH DATA ELEMENTS--ADDITIONAL MATERIAL CHARACTERISTICS
fixed length control field m o d
007 - PHYSICAL DESCRIPTION FIXED FIELD--GENERAL INFORMATION
fixed length control field cr un|||||||||
008 - FIXED-LENGTH DATA ELEMENTS--GENERAL INFORMATION
fixed length control field 191219t20192020enk o 001 0 eng d
020 ## - INTERNATIONAL STANDARD BOOK NUMBER
International Standard Book Number 9781787569133
040 ## - CATALOGING SOURCE
Original cataloging agency UtOrBLW
Language of cataloging eng
Description conventions rda
Transcribing agency UtOrBLW
050 #4 - LIBRARY OF CONGRESS CALL NUMBER
Classification number BF698.35.V85
Item number V85 2019
072 #7 - SUBJECT CATEGORY CODE
Subject category code PSY023000
Source bisacsh
072 #7 - SUBJECT CATEGORY CODE
Subject category code JMS
Source bicssc
080 ## - UNIVERSAL DECIMAL CLASSIFICATION NUMBER
Universal Decimal Classification number 159.9
082 04 - DEWEY DECIMAL CLASSIFICATION NUMBER
Classification number 128.4
Edition number 23
245 00 - TITLE STATEMENT
Title Vulnerability in a mobile world /
Statement of responsibility, etc. edited by Helen Forbes-Mewett (Monash University, Australia).
264 #1 - PRODUCTION, PUBLICATION, DISTRIBUTION, MANUFACTURE, AND COPYRIGHT NOTICE
Name of producer, publisher, distributor, manufacturer Emerald Publishing Limited,
300 ## - PHYSICAL DESCRIPTION
Extent 1 online resource (xiii, 181 pages)
500 ## - GENERAL NOTE
General note Includes index.
505 00 - FORMATTED CONTENTS NOTE
Formatted contents note 1. Introduction /
Statement of responsibility Helen Forbes-Mewett -- 2. Defining vulnerability /
-- Helen Forbes-Mewett and Kien Nguyen-Trung -- 3. Rethinking individual vulnerability and homelessness in Singapore /
-- Harry Tan -- 4. Urbanisation, vulnerability and police legitimacy /
-- Allegra Clare Schermuly -- 5. Vulnerability to natural disasters: the case of Vietnam's Mekong Delta /
-- Kien Nguyen-Trung -- 6. Refugee and asylum seeker vulnerability in the context of resettlement: the role of humanitarian organisations in Australia and Italy /
-- Gianluigi Rotondo -- 7. International student migration and mental health /
-- Jiamin Gan and Helen Forbes-Mewett -- 8. Young people's perceptions of intercultural relationships /
-- Anita McDonald-Doh -- 9. Negotiating 'vulnerability' in a 'mobile' world: tween girls' dressing in Singapore and YouTube /
-- Bernice Loh -- 10. Conclusion /
-- Helen Forbes-Mewett -- Index.
520 ## - SUMMARY, ETC.
Summary, etc. Populations across the world are becoming increasingly mobile for many different reasons. Some are searching for a better and safer life, others migrate for economic or environmental purposes, education, or identity formation. While mobility may bring better life-chances, this book shows that for some it means experiencing vulnerability. Vulnerability in a Mobile World considers the notion of vulnerability from various standpoints including intercultural relationships, homelessness, urbanisation, refugee and asylum seekers, and the use of YouTube by young girls. The diversity of the circumstances and characteristics of the vulnerable enable this book to uniquely show just how broad the notion of vulnerability can be. Presenting an international perspective to social problems in various settings, the chapters are brought together in a coherent argument that shows vulnerability has many forms and is often associated with mobile populations. Vulnerability in a Mobile World is based on a collection of studies by new and emerging scholars focussing on the impacts of migration and mobility in contemporary contexts. Within this framework, each chapter presents new findings that provides poignant examples of vulnerability involving diverse populations, geographical locations and circumstances.
588 0# - SOURCE OF DESCRIPTION NOTE
Source of description note Print version record.
650 #0 - SUBJECT ADDED ENTRY--TOPICAL TERM
Topical term or geographic name entry element Vulnerability (Personality trait)
650 #0 - SUBJECT ADDED ENTRY--TOPICAL TERM
Topical term or geographic name entry element Cell phones.
650 #7 - SUBJECT ADDED ENTRY--TOPICAL TERM
Topical term or geographic name entry element Psychology, Personality.
Source of heading or term bisacsh
650 #7 - SUBJECT ADDED ENTRY--TOPICAL TERM
Topical term or geographic name entry element The self, ego, identity, personality.
Source of heading or term bicssc
700 1# - ADDED ENTRY--PERSONAL NAME
Personal name Forbes-Mewett, Helen,
Relator term editor.
776 ## - ADDITIONAL PHYSICAL FORM ENTRY
International Standard Book Number 9781787569126
856 40 - ELECTRONIC LOCATION AND ACCESS
Uniform Resource Identifier <a href="https://doi.org/10.1108/9781787569119">https://doi.org/10.1108/9781787569119</a>
Holdings
Withdrawn status Lost status Source of classification or shelving scheme Damaged status Not for loan Home library Current library Shelving location Date acquired Total Checkouts Full call number Date last seen Uniform Resource Identifier Price effective from Koha item type
          Digital Library Digital Library Online Access 03.03.2021   BF698.35.V85 V85 2019 03.03.2021 https://doi.org/10.1108/9781787569119 03.03.2021 eBook

OPENING HOURS

Weekdays: 0815hrs - 1800hrs
Weekends:0900hrs - 1200hrs

Closed for Mass:

Mon, Thur: 1200hrs - 1300hrs
Sunday & Public Holiday’s

CALL SUPPORT

0242-570570, 0242-570169
09200664, +263 8644140602

LOCATION

18443, Cranborne Avenue, Hatfield, Harare

Other Links


©2021 | CUZ Library